|
|
|
|
| LEADER |
00000nam0a2200000 4500 |
| 001 |
57693 |
| 005 |
20231031054410.0 |
| 035 |
|
|
|a (RuTPU)RU\TPU\book\60912
|
| 090 |
|
|
|a 57693
|
| 100 |
|
|
|a 20031114d1982 k a0rusy5003 ca
|
| 101 |
0 |
|
|a rus
|
| 102 |
|
|
|a RU
|
| 105 |
|
|
|a a z 000zy
|
| 200 |
1 |
|
|a Гидромеханические процессы химической технологии
|f П. Г. Романков, М. И. Курочкина
|
| 205 |
|
|
|a 3-е изд., перераб.
|
| 210 |
|
|
|a Ленинград
|c Химия
|d 1982
|
| 215 |
|
|
|a 287 с.
|c ил.
|
| 225 |
1 |
|
|a Процессы и аппараты химической и нефтехимической технологии
|
| 610 |
1 |
|
|a химическая технология
|
| 610 |
1 |
|
|a гидравлические процессы
|
| 675 |
|
|
|a 66.011:532
|
| 700 |
|
1 |
|a Романков
|b П. Г.
|g Петр Григорьевич
|
| 701 |
|
1 |
|a Курочкина
|b М. И.
|g Мария Ивановна
|
| 801 |
|
0 |
|a RU
|b RuMRKP
|c 19950704
|g psbo
|
| 801 |
|
1 |
|a RU
|b 63413507
|c 20031114
|g PSBO
|
| 801 |
|
2 |
|a RU
|b 63413507
|c 20200518
|g PSBO
|
| 900 |
|
|
|a Процессы и аппараты химической технологии
|
| 942 |
|
|
|c BK
|